书目信息 |
| 题名: |
条件反射
|
|
| 作者: | 巴甫洛夫 著 ;周先庚 , 荆其诚 , 李美格 译 | |
| 分册: | ||
| 出版信息: | 北京 北京大学出版社 2020.5 |
|
| 页数: | 17,372页 | |
| 开本: | 26cm | |
| 丛书名: | 科学素养文库 | |
| 单 册: | ||
| 中图分类: | Q427 | |
| 科图分类: | ||
| 主题词: | 高级神经活动学说 | |
| 电子资源: | ||
| ISBN: | 978-7-301-15948-4 | |
| 000 | 01555nam2 2200373 45 | |
| 001 | 012001002207 | |
| 005 | 20140913142621.0 | |
| 010 | @a978-7-301-15948-4@b软精装@dCNY89.00 | |
| 100 | @a20100325d2010 em y0chiy50 ea | |
| 101 | 1 | @achi@crus |
| 102 | @aCN@b110000 | |
| 105 | @aa z 000yd | |
| 106 | @ar | |
| 200 | 1 | @a条件反射@Atiao jian fan she@b专著@dConditioned reflexes@e动物高级神经活动@f(俄)巴甫洛夫著@g周先庚,荆其诚,李美格译@zeng |
| 210 | @a北京@c北京大学出版社@d2020.5 | |
| 215 | @a17,372页@c照片,图@d26cm | |
| 225 | 2 | @a科学素养文库@i科学元典丛书@v25 |
| 300 | @a“十一五”国家重点图书出版规划 北京大学通识教育经典名著阅读计划 | |
| 300 | @a并列题名:Conditioned reflexes | |
| 300 | @a其他题名:动物高级神经活动 | |
| 308 | @a丛书第二辑 | |
| 330 | @a本书分为三部分:第一部分针对葛斯里“条件作用是一个学习原理”一文;第二部分讨论了拉什里的文章“行为的基本神经机理”;第三部分是用了巴甫洛夫自己的研究和苛勒的研究,来说明他所认为的心理学家对动物和人的行为所作的忽视生理学业的解释。 | |
| 461 | 0 | @12001 @a科学素养文库 |
| 462 | 0 | @1001002992457 |
| 510 | 1 | @aConditioned reflexes@zeng |
| 517 | 1 | @a动物高级神经活动@Adong wu gao ji shen jing huo dong |
| 606 | 0 | @a高级神经活动学说 |
| 690 | @aQ427@v4 | |
| 701 | 1 | @c(俄)@a巴甫洛夫@Aba fu luo fu@c(Павлов, Иван Петрович@f1849~1936)@4著 |
| 702 | 0 | @a周先庚@Azhou xian geng@f(1903~1996)@4译 |
| 702 | 0 | @a荆其诚@Ajing qi cheng@f(1926~2008)@4译 |
| 702 | 0 | @a李美格@Ali mei ge@4译 |
| 801 | 0 | @aCN@bBJSDL@c20211011 |
| 905 | @b1338844-7@dQ427@e44@f4 | |
| 条件反射=Conditioned reflexes:动物高级神经活动/(俄)巴甫洛夫著/周先庚,荆其诚,李美格译.-北京:北京大学出版社,2020.5 |
| 17,372页:照片,图;26cm.-(科学素养文库.科学元典丛书;25) |
| “十一五”国家重点图书出版规划 北京大学通识教育经典名著阅读计划.-并列题名:Conditioned reflexes.-其他题名:动物高级神经活动 |
| ISBN 978-7-301-15948-4(软精装):CNY89.00 |
| 本书分为三部分:第一部分针对葛斯里“条件作用是一个学习原理”一文;第二部分讨论了拉什里的文章“行为的基本神经机理”;第三部分是用了巴甫洛夫自己的研究和苛勒的研究,来说明他所认为的心理学家对动物和人的行为所作的忽视生理学业的解释。 |
| ● |
| 相关链接 |
|
|
|
|
正题名:条件反射
索取号:Q427/44
 
预约/预借
| 序号 | 登录号 | 条形码 | 馆藏地/架位号 | 状态 | 备注 |
| 1 | 1338844 | 213388449 | 第二样本阅览室/ [索取号:Q427/44] | 在馆 | |
| 2 | 1338845 | 213388458 | 第三借阅区/ [索取号:Q427/44] | 在馆 | |
| 3 | 1338846 | 213388467 | 第三借阅区/ [索取号:Q427/44] | 在馆 | |
| 4 | 1338847 | 213388476 | 第三借阅区/ [索取号:Q427/44] | 在馆 |